000 00504nam a22001817a 4500
999 _c41106
_d41106
003 OSt
005 20210310144848.0
008 210310b ||||| |||| 00| 0 eng d
020 _a9789386243539
040 _coclc
082 _a791.43015
_bDIX/B
100 _98533
_aDix, Andrew
245 _aBeginning Film Studies /
_cAndrew Dix
250 _a2nd Ed.
260 _aNew Delhi:
_bViva Books,
_c2017.
300 _a368p
942 _2ddc
_cBK
_h791.43015
_iDIX/B
_k791.43015
_mDIX/B